000 00563nam a2200217Ia 4500
003 OSt
005 20221006151817.0
006 a|||||r|||| 00| 0
007 ta
008 221006b |||||||| |||| 00| 0 eng d
024 _a23,450
037 _cTextual
040 _aEASL
_cEASL
_beng
041 _2eng
_aeng
082 _aMY11.41.N8, M1(RR)
245 0 _aChinese acrobatics
260 _aBeijing
_bForeign Languages Press China
_c1981
300 _a144p.
_ccm.
942 _hMY11.41.N8, M1(RR)
_cTEXL
_2CC
999 _c1091536
_d1091536